Fr. Conceicao Rodrigues College of Engineering

Electronic Structure of Metals (Record no. 26657)

MARC details
000 -LEADER
fixed length control field 00285nam a2200133Ia 4500
082 ## - DEWEY DECIMAL CLASSIFICATION NUMBER
Classification number 539.14
100 ## - MAIN ENTRY--PERSONAL NAME
Personal name Brandt/N.B
245 ## - TITLE STATEMENT
Title Electronic Structure of Metals
260 ## - PUBLICATION, DISTRIBUTION, ETC.
Name of publisher, distributor, etc. Mir Publishers
Place of publication, distribution, etc. Moscow
Date of publication, distribution, etc. 1975
300 ## - PHYSICAL DESCRIPTION
Extent 336
546 ## - LANGUAGE NOTE
Language note ENGLISH
654 ## - SUBJECT ADDED ENTRY--FACETED TOPICAL TERMS
Focus term Metals
942 ## - ADDED ENTRY ELEMENTS (KOHA)
Koha item type BOOK
Holdings
Withdrawn status Lost status Damaged status Not for loan Collection Home library Current library Date acquired Cost, normal purchase price Inventory number Total Checkouts Full call number Barcode Date last seen Cost, replacement price Price effective from Koha item type
        AFT Fr. Agnel's C.Rodrigues College of Engineering Fr. Agnel's C.Rodrigues College of Engineering 17/03/2023 8.75 lvg;4969   539.14 AFT1827 17/03/2023 8.75 17/03/2023 BOOK